| 000 | 00551nam a22002057a 4500 | ||
|---|---|---|---|
| 005 | 20180719124529.0 | ||
| 010 | _aENG-123557 | ||
| 020 |
_a8187891971 _c200.00 |
||
| 035 | _aEN-107089 | ||
| 037 | _bDBAD/PUB | ||
| 082 | _a881 | ||
| 100 | _aBera, Sudhir | ||
| 245 |
_aA dream for one world / _cby Sudhir Bera |
||
| 250 | _a3rd edn. | ||
| 260 |
_aKolkata _bReader Service _c2016 |
||
| 270 |
_a59/5A, Garfa Main Road, _bKolkata _e700075 |
||
| 300 |
_avarious paging _c21cm(pbk) |
||
| 700 | _943140 | ||
| 942 |
_2ddc _cEN _h881 _mBER |
||
| 999 |
_c154392 _d154392 |
||